Interpretation of Marketing Theory in Islamic Context
Vysvetlenie ekonomických názorov islamského náboženstva je v súčasnosti veľmi populárnou témou v medzinárodnom vedeckom živote, práve kvôli globálnej politickej situácii našej doby. Do tejto oblasti patrí aj skúmanie islamského marketingu, ktoré predstavuje nové prístupy k chápaniu marketingu. Islam...
Guardado en:
| Autor principal: | |
|---|---|
| Otros Autores: | |
| Formato: | Capítulo de libro |
| Lenguaje: | inglés |
| Materias: | |
| Etiquetas: |
Sin Etiquetas, Sea el primero en etiquetar este registro!
|
MARC
| LEADER | 00000naa a2200000 4500 | ||
|---|---|---|---|
| 001 | 0243904 | ||
| 005 | 20220722104218.0 | ||
| 041 | 0 | |a eng | |
| 044 | |a SK | ||
| 245 | 1 | 0 | |a Interpretation of Marketing Theory in Islamic Context |c Veronika Ferenčáková, László Józsa |
| 520 | |a Vysvetlenie ekonomických názorov islamského náboženstva je v súčasnosti veľmi populárnou témou v medzinárodnom vedeckom živote, práve kvôli globálnej politickej situácii našej doby. Do tejto oblasti patrí aj skúmanie islamského marketingu, ktoré predstavuje nové prístupy k chápaniu marketingu. Islamský marketing sa zaoberá marketingovými javmi v súvislosti s islamskými princípmi a moslimskými spoločnosťami. Komparatívna analýza tradičného a islamského marketingového mixu. | ||
| 610 | 2 | 0 | |a stratégia marketingová |
| 610 | 2 | 0 | |a islam |
| 610 | 2 | 0 | |a analýza komparatívna |
| 610 | 2 | 0 | |a marketing mix |
| 610 | 2 | 0 | |a zvyklosti kultúrne |
| 100 | 1 | |a Ferenčáková, Veronika | |
| 700 | 1 | |a Józsa, L. | |